|
|
|
|
| LEADER |
00000nam a2200000 i 4500 |
| 001 |
DIGDYK3648 |
| 003 |
NyNyDIG |
| 007 |
cr ||||||||||| |
| 008 |
241206s2024 sp ob 000 0 spa d |
| 006 |
m o d |
| 035 |
|
|
|a (OCoLC)1446129680
|
| 040 |
|
|
|a DGITA
|b eng
|e rda
|e pn
|c DGITA
|
| 020 |
|
|
|a 9788411709569
|q eBook
|
| 041 |
1 |
|
|a spa
|a ita
|h ita
|
| 050 |
1 |
4 |
|a PQ4630.P3 ebook
|
| 100 |
1 |
|
|a Piccolomini, Alessandro,
|d 1508-1578,
|e author.
|
| 245 |
1 |
0 |
|a Oración en alabanza de las mujeres ;
|b Oración fúnebre por Aurelia Petrucci /
|c Alessandro Piccolomini ; Mercedes Arriaga Flórez (ed.).
|
| 246 |
3 |
0 |
|a Oración fúnebre por Aurelia Petrucci
|
| 250 |
|
|
|a 1a edición.
|
| 264 |
|
1 |
|a Madrid, España :
|b Dykinson, S.L.,
|c 2024.
|
| 300 |
|
|
|a 1 online resource.
|
| 336 |
|
|
|a text
|b txt
|2 rdacontent
|
| 337 |
|
|
|a computer
|b c
|2 rdamedia
|
| 338 |
|
|
|a online resource
|b cr
|2 rdacarrier
|
| 347 |
|
|
|a text file
|2 rdaft
|
| 347 |
|
|
|b PDF
|
| 490 |
1 |
|
|a Colección MenforWomen. Voces masculinas en la querella de las mujeres
|
| 504 |
|
|
|a Includes bibliographical references.
|
| 546 |
|
|
|a Text in Spanish and Italian.
|
| 588 |
0 |
|
|a Online resource; title from PDF title page (Digitalia, viewed December 6, 2024)
|
| 650 |
|
0 |
|a Women
|v Early works to 1800.
|
| 600 |
1 |
0 |
|a Piccolomini, Alessandro,
|d 1508-1578
|x Criticism and interpretation.
|
| 700 |
1 |
|
|a Arriaga Flórez, Mercedes,
|e editor.
|
| 700 |
1 |
2 |
|i Container of (work):
|a Piccolomini, Alessandro,
|d 1508-1578.
|t Orazione in lode delle donne.
|
| 700 |
1 |
2 |
|i Container of (expression):
|a Piccolomini, Alessandro,
|d 1508-1578.
|t Orazione in lode delle donne.
|l Spanish
|s (Arriaga Flórez)
|
| 700 |
1 |
2 |
|i Container of (work):
|a Piccolomini, Alessandro,
|d 1508-1578.
|t Oratione in morte di Aurelia Petrucci.
|
| 700 |
1 |
2 |
|i Container of (expression):
|a Piccolomini, Alessandro,
|d 1508-1578.
|t Oratione in morte di Aurelia Petrucci.
|l Spanish
|s (Arriaga Flórez)
|
| 791 |
2 |
|
|a Digitalia (Firm),
|e distributor.
|
| 793 |
0 |
|
|g Digitalia eBook Collection:
|a Dykinson Editorial
|
| 830 |
|
0 |
|a Colección MenforWomen.
|
| 856 |
4 |
0 |
|3 Digitalia Hispánica
|u https://www.digitaliapublishing.com/a/158892/
|
| 910 |
|
|
|a Premium collection: 2024
|